La Música más linda de Costa Rica (Registro nro. 9539)
[ vista simple ]
| 000 -LEADER | |
|---|---|
| fixed length control field | 00482agd a2200181 4500 |
| 005 - DATE AND TIME OF LATEST TRANSACTION | |
| control field | 20170612112221.0 |
| 008 - FIXED-LENGTH DATA ELEMENTS--GENERAL INFORMATION | |
| fixed length control field | 150610b xxu||||| |||| 00| 0 spa d |
| 041 ## - LANGUAGE CODE | |
| Language code of text/sound track or separate title | Español |
| 082 ## - CLASIFICACIÓN | |
| Clasificación | 250 DVD |
| 100 ## - AUTOR | |
| Autor | Castillo, Luis |
| 245 ## - TÍTULO | |
| Title | La Música más linda de Costa Rica |
| 260 ## - PUBLICATION, DISTRIBUTION, ETC. (IMPRINT) | |
| Place of publication | Costa Rica |
| 260 ## - PUBLICATION, DISTRIBUTION, ETC. (IMPRINT) | |
| Place of publication | Producciones Musicales |
| 300 ## - PHYSICAL DESCRIPTION | |
| Number of Pages | 60 minutos |
| 650 ## - SUBJECT ADDED ENTRY--TOPICAL TERM | |
| Topical Term | MÚSICA COSTARRICENSE |
| 650 ## - SUBJECT ADDED ENTRY--TOPICAL TERM | |
| Topical Term | PAISAJES COSTARRICENSES |
| 942 ## - ADDED ENTRY ELEMENTS (KOHA) | |
| Koha item type | DVD |
| Withdrawn status | Lost status | Damaged status | Not for loan | Home library | Current library | Date acquired | Total Checkouts | Full call number | Accession Number | Date last seen | Price effective from | Koha item type |
|---|---|---|---|---|---|---|---|---|---|---|---|---|
| Departamento de Biblioteca y Documentación Alfonso Chase Brenes | Departamento de Biblioteca y Documentación Alfonso Chase Brenes | 12/06/2017 | 250 DVD | 250ADVD | 12/06/2017 | 12/06/2017 | DVD | |||||
| Departamento de Biblioteca y Documentación Alfonso Chase Brenes | Departamento de Biblioteca y Documentación Alfonso Chase Brenes | 12/06/2017 | 250 DVD | 250BDVD | 12/06/2017 | 12/06/2017 | DVD |